Kluby w Lidze Konferencji 2025/26 - Statystyki

Ogólne statystyki
  • Ten quiz został rozwiązany 152 razy
  • Średni wynik to 18 z 36
Statystyki odpowiedzi
Kraj Drużyna % Poprawnych
Polska Lech Poznań
100%
Polska Legia Warszawa
100%
Polska Jagiellonia Białystok
99%
Polska Raków Częstochowa
99%
Włochy ACF Fiorentina
80%
Anglia Crystal Palace
75%
Czechy Sparta Praga
74%
Hiszpania Rayo Vallecano
71%
Ukraina Szachtar Donieck
70%
Niemcy 1. FSV Mainz 05
68%
Ukraina Dynamo Kijów
67%
Holandia AZ Alkmaar
62%
Francja RC Strasbourg
59%
Austria Rapid Wiedeń
58%
Czechy Sigma Ołomuniec
57%
Gibraltar Lincoln Red Imps
54%
Chorwacja HNK Rijeka
49%
Turcja Samsunspor
49%
Armenia Noah Erywań
45%
Cypr Omonia Nikozja
45%
Cypr AEK Larnaka
43%
Słowacja Slovan Bratysława
41%
Słowenia NK Celje
40%
Grecja AEK Ateny
38%
Malta Ħamrun Spartans
36%
Irlandia Shamrock Rovers
36%
Szwajcaria FC Lausanne-Sport
30%
Szkocja Aberdeen
29%
Islandia Breidablik
26%
Macedonia Północna Shkendija Tetowo
26%
Finlandia KuPS Kuopio
25%
Rumunia CS Universitatea Craiova
24%
Bośnia i Hercegowina Zrinjski Mostar
24%
Szwecja Häcken
21%
Irlandia Shelbourne FC
16%
Kosowo Drita Gnjilane
5%
Nie znaleziono quizów pasujących do podanych kryteriów
Rozkład punktacji
Procent ludzi z każdym wynikiem
Percentyl według liczby udzielonych odpowiedzi
Twoja historia wyników
Nie rozwiązałeś tego quizu